|
|
|
|
| LEADER |
00000cam a2200000 i 4500 |
| 001 |
1/40614 |
| 008 |
140123s2009 eng d |
| 020 |
|
|
|a 978-0-470-71396-9
|
| 035 |
|
|
|l 10116419
|
| 040 |
|
|
|a GR-MY-UA
|b gre
|e aacr
|
| 041 |
0 |
|
|a eng
|
| 082 |
0 |
|
|a 658.4092
|2 (22)
|
| 100 |
1 |
|
|a Hoopen, Peter ten.
|
| 245 |
1 |
4 |
|a The enlightened leader :
|b an introduction to the chakras of leadership /
|c Peter ten Hoopen and Fons Trompenaars
|
| 260 |
|
|
|a Hoboken , NJ :
|b Wiley,
|c c2009
|
| 300 |
|
|
|a xiv, 269 σ.;
|c 24 εκ.
|
| 504 |
|
|
|a Βιβλιογραφία: σ. [251]-262. Ευρετήριο
|
| 650 |
0 |
0 |
|a Leadership.
|
| 700 |
1 |
|
|a Trompenaars, Alfons.
|
| 852 |
|
|
|a INST
|b SYROS
|e 20140123
|h 658.4092 HOO
|p 005500011281
|q 005500011281
|t BK
|y 0
|
| 901 |
|
|
|a BIBL5-2014-1
|
| 909 |
|
|
|a Ε
|b 174720
|
| 970 |
|
|
|a ΚΟΝΤΟΥ
|b ΠΑΡΑΣΚΕΥΗ
|z 2014/01/23
|